00493nam a2200181 a 4500001001300000003000900013005001700022008004100039020001000080082001500090245004600105260005000151300000800201500003500209505001300244650002100257710003300278nice12345678IN_TiNIC20260116011655.0050524s1902 lona grp 000 0 eng  ac10000a294.5bCLS aKrishana_ Hindu Ideal of the 20th Century aLondon & MadrasbChristian Lit. Societyc1902 a60p aincludes index and biblioraphy2 aarchives aKrishna-hinduism2 aChristian Literature Society